[Event "London Chess Classic FIDE Open"]
[Site "London ENG"]
[Date "2010.12.09"]
[Round "2"]
[White "Ansell, Simon T"]
[Black "Boger, Raymond"]
[Result "1-0"]
[WhiteTitle "IM"]
[WhiteElo "2417"]
[BlackElo "1952"]
[WhiteFideId "402141"]
[BlackFideId "1507419"]
[EventDate "2010.12.08"]

1. e4 c5 2. Nf3 d6 3. c3 Nf6 4. h3 Nc6 5. Bd3 g6 6. Bc2 Bg7 7. O-O O-O 8. d4 e5
9. dxc5 dxc5 10. Be3 b6 11. Qe2 a5 12. Rd1 Qc7 13. Na3 Ba6 14. Nb5 Bxb5 15. Qxb5
Rfd8 16. Bb3 h6 17. a4 Ne8 18. Qe2 Rxd1+ 19. Rxd1 Rd8 20. Rxd8 Nxd8 21. h4 Nd6
22. Nd2 Kh7 23. h5 g5 24. Bd5 Nc6 25. Nc4 f6 26. Qg4 Ne7 27. Qe6 Nxc4 28. Bxc4
Qd8 29. Kh2 Qc7 30. b4 axb4 31. cxb4 cxb4 32. Bxb6 Qc6 33. Qxc6 Nxc6 34. a5 Bf8
35. a6 1-0

[Event "London Chess Classic FIDE Open"]
[Site "London ENG"]
[Date "2010.12.09"]
[Round "2"]
[White "Eggleston, David J"]
[Black "Vachtfeidl, Petr"]
[Result "1-0"]
[WhiteTitle "FM"]
[WhiteElo "2307"]
[BlackElo "2038"]
[WhiteFideId "412120"]
[BlackFideId "315028"]
[EventDate "2010.12.08"]

1. e4 c5 2. Nf3 e6 3. d4 cxd4 4. Nxd4 Nf6 5. Nc3 d6 6. g4 h6 7. h4 Be7 8. Rg1 d5
9. Bb5+ Kf8 10. exd5 Nxd5 11. Bd2 Bf6 12. Nce2 a6 13. Bd3 Qb6 14. Nf3 Nc6 15. c4
Ndb4 16. Be4 Ne5 17. Nxe5 Bxe5 18. Qb3 a5 19. O-O-O Ke7 20. Be3 Qc7 21. a3 Nd5
22. Bxd5 exd5 23. Rxd5 Be6 24. Bc5+ Ke8 25. Bb6 Qb8 26. Qb5+ 1-0

[Event "London Chess Classic FIDE Open"]
[Site "London ENG"]
[Date "2010.12.09"]
[Round "2"]
[White "Grochowalski, Pawel"]
[Black "Merriman, John"]
[Result "1/2-1/2"]
[WhiteElo "2062"]
[BlackElo "2259"]
[WhiteFideId "1115197"]
[BlackFideId "402362"]
[EventDate "2010.12.08"]

1. d4 e6 2. c4 d5 3. Nf3 Nf6 4. Qc2 Be7 5. g3 O-O 6. Bg2 c6 7. Nbd2 b6 8. O-O
Ba6 9. b3 Nbd7 10. Bb2 Rc8 11. e4 c5 12. e5 Ne8 13. Rfc1 cxd4 14. Bxd4 Nc7 15.
Bf1 Ba3 16. Rd1 Qe7 17. Qd3 Rfd8 18. Qe3 Nb8 19. Bd3 Nc6 20. Bc3 Nb4 21. Bxb4
Bxb4 22. Nd4 Bb7 23. N2f3 Bc5 24. Qf4 h6 25. h4 dxc4 26. bxc4 Rd7 27. Be2 Rcd8
28. Nb3 Bb4 29. Rxd7 Rxd7 30. a4 Bc3 31. Rb1 Na6 32. a5 bxa5 33. Nbd4 a4 34. Nb5
Bb4 35. g4 a3 36. g5 hxg5 37. hxg5 g6 38. Kg2 Bd2 39. Qh4 Qxg5+ 40. Qxg5 Bxg5
41. Nxa3 Bf4 42. Rb5 Nb8 43. c5 Nc6 44. Nc4 Ba6 45. Na5 Rc7 46. Nxc6 Rxc6 47.
Rb8+ Rc8 48. Bxa6 Rxb8 49. c6 Kf8 50. c7 Re8 51. c8=Q Rxc8 52. Bxc8 Ke7 53. Ba6
f6 54. exf6+ Kxf6 55. Kh3 Bd6 1/2-1/2

[Event "London Chess Classic FIDE Open"]
[Site "London ENG"]
[Date "2010.12.09"]
[Round "2"]
[White "Jones, Chris S"]
[Black "Tate, Alan"]
[Result "0-1"]
[WhiteElo "1848"]
[BlackElo "2234"]
[WhiteFideId "414905"]
[BlackFideId "2401878"]
[EventDate "2010.12.08"]

1. e4 c5 2. Nf3 d6 3. d4 Nf6 4. Nc3 cxd4 5. Nxd4 a6 6. a4 Nc6 7. Be2 e5 8. Nb3
Be7 9. Be3 Be6 10. Nd5 Bxd5 11. exd5 Nb4 12. c4 a5 13. O-O b6 14. Nc1 O-O 15.
Na2 Nxa2 16. Rxa2 Ne4 17. Qc2 Nc5 18. f4 exf4 19. Bxf4 Bg5 20. Ra3 g6 21. Rg3
Bxf4 22. Rxf4 Qe7 23. Bd3 Qe1+ 24. Rf1 Qe5 25. b3 Qd4+ 26. Kh1 Rae8 27. Rgf3 Re3
28. Rxe3 Qxe3 29. Rf3 Qe1+ 30. Rf1 Re8 31. h3 Qg3 32. Rf3 Qe1+ 33. Rf1 Qe5 34.
Qd1 Qe3 35. Qf3 Qxf3 36. Rxf3 Re1+ 37. Kh2 Kg7 38. Bc2 f5 39. Kg3 Kf6 40. Rf2
Ke5 41. Rd2 Re3+ 42. Kf2 f4 43. Rd1 Nd7 44. g3 Rxg3 45. Re1+ Re3 46. Rxe3+ fxe3+
47. Kxe3 Nf6 48. Bd3 g5 49. Bc2 h6 50. Bd3 Nh5 51. Be2 Nf4 52. Bf1 Ng6 53. Bd3
Nh4 54. Be4 Nf5+ 0-1

[Event "London Chess Classic FIDE Open"]
[Site "London ENG"]
[Date "2010.12.09"]
[Round "2"]
[White "Lappas, Konstantinos"]
[Black "Britton, Richard L"]
[Result "0-1"]
[BlackTitle "FM"]
[WhiteElo "1858"]
[BlackElo "2229"]
[WhiteFideId "4275748"]
[BlackFideId "401692"]
[EventDate "2010.12.08"]

1. e4 c5 2. Nf3 d6 3. d4 cxd4 4. Nxd4 Nf6 5. Nc3 a6 6. Bc4 e6 7. Bb3 b5 8. O-O
Be7 9. Qf3 Qb6 10. Be3 Qb7 11. Qg3 Bd7 12. f3 O-O 13. Rfd1 Nc6 14. Nxc6 Bxc6 15.
Ne2 a5 16. c3 a4 17. Bc2 b4 18. cxb4 Qxb4 19. Bd4 e5 20. Bc3 Qb7 21. Rd2 Rfc8
22. Rad1 Nd7 23. Nf4 Nf6 24. Nd5 Bxd5 25. exd5 a3 26. Bb3 h6 27. Qe1 Nd7 28. f4
Bf6 29. fxe5 Bxe5 30. Bxe5 Nxe5 31. bxa3 Rxa3 32. Qe4 Re8 33. Rc2 g6 34. Rdc1
Qb6+ 35. Kh1 Raa8 36. Qh4 h5 37. h3 Rab8 38. Qg3 Kh7 39. Kh2 Kg7 40. Rc7 Qd4 41.
Rf1 Rbc8 42. Rxc8 Rxc8 43. Qf4 Qb6 44. Qf6+ Kg8 45. Re1 Re8 46. Rf1 Qc5 47. Qf4
Rc8 48. Qf6 Qb4 49. Qf4 Qb6 50. Qf2 Qb5 51. Qf6 Kh7 52. Re1 Qb4 53. Rf1 Rc3 54.
Qf4 Qc5 55. Qf2 Qc7 56. Qf6 Kg8 57. Re1 Rd3 58. Rf1 Re3 59. Qf4 Qc3 60. Qf6 Re2
61. Rf2 Re1 62. Rf1 Qa1 63. Kg1 Qd4+ 64. Kh2 Re2 65. Qxd6 Qd2 66. Rg1 Nf3+ 67.
Kh1 Rxg2 68. Ra1 Rh2+ 0-1

[Event "London Chess Classic FIDE Open"]
[Site "London ENG"]
[Date "2010.12.09"]
[Round "2"]
[White "Bratteteig, Tore-Inge"]
[Black "Wheldon, Philip"]
[Result "0-1"]
[WhiteElo "1656"]
[BlackElo "2125"]
[WhiteFideId "1510711"]
[BlackFideId "407402"]
[EventDate "2010.12.08"]

1. c4 Nf6 2. Nc3 e6 3. Nf3 d5 4. d4 Be7 5. g3 O-O 6. Bg2 c6 7. b3 b6 8. cxd5
cxd5 9. Bb2 Nbd7 10. O-O Ba6 11. Rc1 Rc8 12. Re1 Bd6 13. e4 Bb4 14. Nd2 dxe4 15.
Ndxe4 Nxe4 16. Bxe4 Nf6 17. Bg2 Qd7 18. a3 Bxc3 19. Bxc3 Bb7 20. Qe2 Bxg2 21.
Kxg2 Qd5+ 22. Qf3 Qxb3 23. Bb4 Qxf3+ 24. Kxf3 Rfe8 25. Bc3 Rc4 26. Bb2 Rec8 27.
Rxc4 Rxc4 28. Rc1 Rxc1 29. Bxc1 Kf8 30. Bf4 Ke7 31. h3 Nd5 32. Bd2 Kd6 33. Ke4
Kc6 34. Kd3 Kb5 35. Bc1 a5 36. Bb2 Ka4 37. Kc2 g6 38. Bc1 Nc7 39. Kd3 Nb5 40.
Ke4 f6 41. Be3 Kxa3 42. Kd3 Kb3 43. d5 exd5 44. Bxb6 a4 45. Bc5 a3 46. Bxa3 Kxa3
47. f4 f5 48. g4 h5 49. gxf5 gxf5 50. h4 Kb3 0-1

[Event "London Chess Classic FIDE Open"]
[Site "London ENG"]
[Date "2010.12.09"]
[Round "2"]
[White "Miu, Marinel"]
[Black "Hagen, Anders Gjerdrum"]
[Result "0-1"]
[WhiteElo "1582"]
[BlackElo "2084"]
[WhiteFideId "1220691"]
[BlackFideId "1506650"]
[EventDate "2010.12.08"]

1. Nf3 d5 2. b3 Nf6 3. Bb2 c5 4. e3 Nc6 5. Bb5 Bg4 6. h3 Bh5 7. g4 Bg6 8. Ne5
Qc7 9. Bxc6+ bxc6 10. O-O e6 11. d3 Bd6 12. f4 Ng8 13. Qf3 f6 14. Nxg6 hxg6 15.
Nd2 Ne7 16. Kg2 O-O-O 17. Nb1 Rdf8 18. Nc3 g5 19. Na4 Ng6 20. Qf2 gxf4 21. Rh1
f5 22. Bxg7 Qxg7 23. e4 f3+ 24. Kf1 Qxa1+ 0-1

[Event "London Chess Classic FIDE Open"]
[Site "London ENG"]
[Date "2010.12.09"]
[Round "2"]
[White "Wohl, Aleksandar H."]
[Black "Van Heirzeele, Daniel"]
[Result "1-0"]
[WhiteTitle "IM"]
[WhiteElo "2424"]
[BlackElo "2114"]
[WhiteFideId "3200345"]
[BlackFideId "200425"]
[EventDate "2010.12.08"]

1. e4 c5 2. Nf3 d6 3. c3 Nf6 4. h3 Nc6 5. Bd3 d5 6. e5 c4 7. Bc2 Nd7 8. Qe2 Qc7
9. e6 fxe6 10. b3 cxb3 11. Bxb3 Nf6 12. d4 g6 13. O-O Bg7 14. c4 O-O 15. Nc3 Na5
16. Nb5 Qd8 17. Bf4 Nxb3 18. axb3 Ne4 19. Bc7 Qe8 20. Bh2 Qd8 21. Nc7 Rb8 22.
Rxa7 b6 23. Ne5 Bd7 24. Nxd5 Bxe5 25. Qxe4 Bxh2+ 26. Kxh2 Bc8 27. Nxe7+ 1-0

[Event "London Chess Classic FIDE Open"]
[Site "London ENG"]
[Date "2010.12.09"]
[Round "2"]
[White "Green, Conrad Eliot"]
[Black "Llaneza Vega, Marcos"]
[Result "0-1"]
[BlackTitle "IM"]
[WhiteElo "1942"]
[BlackElo "2479"]
[WhiteFideId "420379"]
[BlackFideId "2253585"]
[EventDate "2010.12.08"]

1. d4 Nf6 2. c4 Nc6 3. Nc3 e5 4. e3 Bb4 5. Nf3 exd4 6. exd4 O-O 7. Be2 d5 8. a3
Bxc3+ 9. bxc3 dxc4 10. Bxc4 Nd5 11. Bd2 Re8+ 12. Be2 Bg4 13. O-O Qf6 14. h3 Bh5
15. Re1 h6 16. Qb3 Nb6 17. Be3 Rad8 18. Nd2 Bxe2 19. Rxe2 Nd5 20. Rae1 b6 21. c4
Nf4 22. Bxf4 Rxe2 23. Rxe2 Nxd4 24. Qe3 Nxe2+ 25. Qxe2 Qxf4 26. Nb3 a5 27. g3
Qd6 28. Qb2 Qd1+ 29. Kg2 Rd3 30. Qc1 Qf3+ 31. Kf1 Rd1+ 32. Qxd1 Qxd1+ 33. Kg2
Qxb3 34. h4 Qxa3 35. Kh3 Qf3 36. c5 f5 37. Kh2 Qxf2+ 38. Kh3 h5 39. cxb6 Qg1 40.
bxc7 Qh1# 0-1

[Event "London Chess Classic FIDE Open"]
[Site "London ENG"]
[Date "2010.12.09"]
[Round "2"]
[White "Mortazavi, Ali"]
[Black "McKerracher, Douglas"]
[Result "1-0"]
[WhiteTitle "IM"]
[WhiteElo "2372"]
[BlackElo "1940"]
[WhiteFideId "401323"]
[BlackFideId "2401002"]
[EventDate "2010.12.08"]

1. e4 d5 2. exd5 Qxd5 3. Nc3 Qa5 4. d4 Nf6 5. Bc4 Bg4 6. Be2 Bxe2 7. Qxe2 c6 8.
Nf3 e6 9. Bd2 Qc7 10. O-O-O Nbd7 11. Ne5 Nxe5 12. dxe5 Nd5 13. f4 O-O-O 14. Ne4
h6 15. c4 Nb6 16. Ba5 c5 17. Rxd8+ Kxd8 18. Rd1+ Kc8 19. Nc3 Be7 20. Nb5 Qb8 21.
Bxb6 axb6 22. Qd3 Rd8 23. Qh7 Rxd1+ 24. Kxd1 Kd7 25. Qxg7 Qa8 26. Nc3 b5 27.
cxb5 c4 28. Qxf7 Qa7 29. Qg6 Qd4+ 30. Ke2 Qxf4 31. Qe4 Qxh2 32. Qxb7+ Ke8 33.
Qc6+ Kf7 34. Qe4 Ke8 35. b6 Qh5+ 36. Kd2 Bg5+ 37. Kc2 Qh1 38. Qxc4 Qxg2+ 39. Kb3
Qb7 40. Qxe6+ Kf8 41. Qd6+ Ke8 42. Nd5 Bd8 43. Qe6+ Kf8 44. Qxh6+ Kg8 45. Qg6+
Kf8 46. Qd6+ Ke8 47. a4 Qf7 48. e6 Qf3+ 49. Ka2 1-0

[Event "London Chess Classic FIDE Open"]
[Site "London ENG"]
[Date "2010.12.09"]
[Round "2"]
[White "Schmitz, Tim"]
[Black "Sreeves, Clement"]
[Result "0-1"]
[WhiteElo "1934"]
[BlackElo "2104"]
[WhiteFideId "1270221"]
[BlackFideId "2402564"]
[EventDate "2010.12.08"]

1. e4 c5 2. c3 Nf6 3. e5 Nd5 4. d4 cxd4 5. Nf3 Nc6 6. Bc4 Nb6 7. Bb3 d5 8. exd6
Qxd6 9. O-O Be6 10. Na3 a6 11. cxd4 Bd5 12. Be3 g6 13. Rc1 Bg7 14. Bxd5 Nxd5 15.
Nc4 Qd8 16. Qe2 O-O 17. Rfd1 Rc8 18. Nce5 Nxe5 19. dxe5 Rxc1 20. Bxc1 e6 21. h4
Qc7 22. Qe4 Rc8 23. h5 Qc2 24. Qxc2 Rxc2 25. hxg6 hxg6 26. Nd4 Rc4 27. b3 Rc8
28. Re1 Bxe5 29. Bb2 Bf6 30. a3 Kg7 31. g3 Nc3 32. Nf3 Nb5 33. Bxf6+ Kxf6 34. a4
Nc3 35. Re3 Nd5 36. Rd3 Rc3 37. Rxc3 Nxc3 38. Kg2 e5 39. Nd2 e4 40. Nc4 Ke6 41.
Ne3 Ne2 42. Nc2 Kd5 43. Ne3+ Kd4 44. Nc4 Kc3 45. Nd6 Kxb3 46. Nxb7 Kxa4 47. Nc5+
Kb5 48. Nxe4 Kb4 49. Kf3 Nc3 50. Nd2 a5 51. Ke3 Nd1+ 52. Ke2 Nb2 53. Nb1 a4 54.
Kf3 Nd1 55. Kf4 Nxf2 56. Ke5 Ng4+ 57. Kf4 Nf6 58. Ke5 Ng8 59. Kd4 a3 60. Nc3 Kb3
61. g4 a2 62. Nxa2 Kxa2 63. g5 Kb3 64. Ke5 Kc4 65. Ke4 Kc5 66. Ke5 Kc6 67. Kf4
Kd6 0-1

[Event "London Chess Classic FIDE Open"]
[Site "London ENG"]
[Date "2010.12.09"]
[Round "2"]
[White "Barton, R Alan"]
[Black "Malhotra, Tarun"]
[Result "1-0"]
[WhiteElo "2103"]
[BlackElo "1913"]
[WhiteFideId "404233"]
[BlackFideId "5020549"]
[EventDate "2010.12.08"]

1. d4 Nf6 2. Nf3 g6 3. c4 Bg7 4. g3 O-O 5. Bg2 d6 6. O-O Nbd7 7. Nc3 e5 8. dxe5
Nxe5 9. Nxe5 dxe5 10. Qxd8 Rxd8 11. Bg5 Re8 12. Nb5 Re7 13. Rfd1 Be6 14. Bxb7
Rb8 15. Bg2 Bxc4 16. Nxa7 Rd7 17. Nc6 Rxd1+ 18. Rxd1 Re8 19. b3 Bxe2 20. Re1 Bb5
21. a4 Bxc6 22. Bxc6 Rb8 23. Rb1 h6 24. Be3 Bf8 25. a5 Ng4 26. a6 Nxe3 27. a7
Rd8 28. fxe3 Bc5 29. a8=Q Bxe3+ 30. Kf1 Rxa8 31. Bxa8 f5 32. b4 1-0

[Event "London Chess Classic FIDE Open"]
[Site "London ENG"]
[Date "2010.12.09"]
[Round "2"]
[White "Gregory, Philip J"]
[Black "Kane, Robert"]
[Result "1/2-1/2"]
[WhiteElo "2096"]
[BlackElo "1875"]
[WhiteFideId "407852"]
[BlackFideId "420468"]
[EventDate "2010.12.08"]

1. e4 c6 2. d4 d5 3. exd5 cxd5 4. c4 Nf6 5. Nc3 Nc6 6. Nf3 Bg4 7. cxd5 Nxd5 8.
Qb3 Bxf3 9. gxf3 Nb6 10. Be3 e6 11. O-O-O Be7 12. d5 Nxd5 13. Nxd5 exd5 14. Rxd5
Qc7 15. Kb1 O-O 16. f4 Bf6 17. Bg2 Rfd8 18. Rb5 Rab8 19. Rc1 Qd6 20. Rd5 Qe7 21.
Bc5 Qe8 22. Bd6 Rbc8 23. Rcd1 b6 24. Qe3 Na5 25. Bh3 Qxe3 26. fxe3 Rc4 27. Bf5
Nb7 28. Be5 Rxd5 29. Rxd5 Bxe5 30. Rxe5 g6 31. Re7 gxf5 32. Rxb7 Re4 33. Rxa7
Rxe3 34. a4 Re4 35. Ra6 Rxf4 36. Rxb6 Rxa4 37. Kc2 Rh4 38. b4 Rxh2+ 39. Kd3 Rb2
40. Ke3 Kg7 41. Kf4 1/2-1/2

[Event "London Chess Classic FIDE Open"]
[Site "London ENG"]
[Date "2010.12.09"]
[Round "2"]
[White "Marshall, Michael"]
[Black "Roberts, David L"]
[Result "1/2-1/2"]
[WhiteElo "1878"]
[BlackElo "2083"]
[WhiteFideId "1409956"]
[BlackFideId "407720"]
[EventDate "2010.12.08"]

1. d4 Nf6 2. Nf3 g6 3. e3 Bg7 4. c4 c5 5. Nc3 O-O 6. Be2 cxd4 7. exd4 d6 8. O-O
Bf5 9. Qb3 Qd7 10. Be3 Ne4 11. Rad1 Nxc3 12. Qxc3 Rc8 13. Qb3 Nc6 14. Nh4 Rab8
15. h3 Rd8 16. Nxf5 Qxf5 17. f4 Qd7 18. a3 b6 19. Qb5 Na5 20. Qxd7 Rxd7 21. b4
Nb7 22. d5 f5 23. g4 Rdd8 24. gxf5 gxf5 25. Bd4 Bxd4+ 26. Rxd4 a5 27. Rdd1 Kf7
28. Bd3 Rg8+ 29. Kf2 Kf6 30. Rde1 Nd8 31. bxa5 bxa5 32. Rb1 Nb7 33. Bc2 1/2-1/2

[Event "London Chess Classic FIDE Open"]
[Site "London ENG"]
[Date "2010.12.09"]
[Round "2"]
[White "Cork, David J"]
[Black "McKenna, Jason P"]
[Result "0-1"]
[WhiteElo "1841"]
[BlackElo "2081"]
[WhiteFideId "409723"]
[BlackFideId "403857"]
[EventDate "2010.12.08"]

1. e4 g6 2. d4 Bg7 3. Nf3 d6 4. Bf4 c5 5. c3 cxd4 6. cxd4 Nc6 7. Nc3 Bg4 8. d5
Nd4 9. Be2 Bxf3 10. Bxf3 Qb6 11. O-O Qxb2 12. Na4 Qxa1 13. Qxa1 Nxf3+ 14. gxf3
Bxa1 15. Rxa1 Nf6 16. Bh6 Kd7 17. Rb1 b6 0-1

[Event "London Chess Classic FIDE Open"]
[Site "London ENG"]
[Date "2010.12.09"]
[Round "2"]
[White "Bishop, Geoffrey L"]
[Black "Lang, Alexander"]
[Result "0-1"]
[WhiteElo "1800"]
[BlackElo "2079"]
[WhiteFideId "417491"]
[BlackFideId "4645588"]
[EventDate "2010.12.08"]

1. e4 c6 2. d4 d5 3. Nc3 dxe4 4. Nxe4 Bf5 5. Ng3 Bg6 6. h4 h6 7. Nf3 Nd7 8. h5
Bh7 9. Bd3 Bxd3 10. Qxd3 e6 11. Bf4 Qa5+ 12. Bd2 Bb4 13. c3 Be7 14. O-O Ngf6 15.
b4 Qc7 16. Rfe1 O-O 17. a4 Rfe8 18. a5 Rad8 19. Qc4 Bd6 20. Ne4 Nxh5 21. Nxd6
Qxd6 22. g4 Nf4 23. g5 Nh3+ 24. Kg2 Nxg5 25. Nxg5 hxg5 26. Bxg5 f6 27. Bh4 Qd5+
28. Qxd5 cxd5 29. f4 Rc8 30. Rac1 Rc4 31. Re3 Kf7 32. Rce1 Nf8 33. f5 Rcc8 34.
fxe6+ Rxe6 35. Bg3 a6 36. Kf1 Rxe3 37. Rxe3 Ne6 38. Bd6 Rc6 39. Bc5 Rc7 40. Bd6
Rd7 41. Bc5 g5 42. Rh3 Kg6 43. Rh2 f5 44. Rb2 Nc7 45. Re2 Nb5 46. Rc2 f4 47. c4
Na3 0-1

[Event "London Chess Classic FIDE Open"]
[Site "London ENG"]
[Date "2010.12.09"]
[Round "2"]
[White "Burke, John S"]
[Black "Caorlin, Marco"]
[Result "1-0"]
[WhiteElo "2078"]
[BlackElo "1849"]
[WhiteFideId "404322"]
[BlackFideId "1317849"]
[EventDate "2010.12.08"]

1. b4 e6 2. Bb2 b6 3. e3 Bb7 4. Nf3 f5 5. c4 Nf6 6. b5 Be7 7. Be2 O-O 8. O-O Ne4
9. d3 Bf6 10. Qc2 Bxb2 11. Qxb2 Nf6 12. Nc3 Qe8 13. a4 Ng4 14. h3 Nh6 15. a5
bxa5 16. Rxa5 Qh5 17. Rfa1 g5 18. Rxa7 Rxa7 19. Rxa7 Bxf3 20. Bxf3 g4 21. Be2
Qh4 22. g3 Qxh3 23. Bf1 Qh5 24. Ne2 Nf7 25. Nf4 Qh6 26. Rxc7 Ng5 27. Bg2 d6 28.
c5 dxc5 29. b6 Qf6 30. Qxf6 Rxf6 31. Nh5 Rf7 32. Rc8+ Rf8 33. Nf6+ Kf7 34. Rxb8
Rxb8 35. Nd7 Rxb6 36. Nxb6 Ke7 37. Nc4 Kd7 38. Kf1 Kc7 39. Ke2 Nf7 40. d4 cxd4
41. exd4 h6 42. Ne5 Nd6 43. Bc6 Kd8 44. Ke3 Ke7 45. Kf4 Kf6 46. Nd7+ Ke7 47. Nc5
Nf7 48. Bd7 Ng5 49. Bxe6 Nxe6+ 50. Nxe6 Kxe6 51. d5+ Kxd5 52. Kxf5 h5 53. Kg5 1-0

[Event "London Chess Classic FIDE Open"]
[Site "London ENG"]
[Date "2010.12.09"]
[Round "2"]
[White "Haddock, Paul"]
[Black "Yurenok, Maria S"]
[Result "0-1"]
[BlackTitle "WFM"]
[WhiteElo "1793"]
[BlackElo "2071"]
[WhiteFideId "419150"]
[BlackFideId "409359"]
[EventDate "2010.12.08"]

1. e4 c5 2. Nc3 Nc6 3. f4 e6 4. Nf3 a6 5. d3 d6 6. Be2 Nd4 7. O-O Ne7 8. Nxd4
cxd4 9. Nb1 g6 10. Nd2 Bg7 11. Nf3 O-O 12. Qe1 Nc6 13. a3 Bd7 14. Qg3 f5 15. Bd2
Rc8 16. Rae1 Qb6 17. b3 fxe4 18. dxe4 d3+ 19. Kh1 dxe2 20. Rxe2 Nd4 21. Nxd4
Qxd4 22. Bc1 Rf7 23. Qe3 Qxe3 24. Bxe3 e5 25. Rff2 exf4 26. Rxf4 Rxf4 27. Bxf4
Rf8 28. g3 Bh3 29. Re1 Be5 30. Be3 Rf1+ 31. Rxf1 Bxf1 32. Kg1 Be2 33. c4 Bf3 34.
Bb6 Bxe4 35. Bc7 Kf7 36. c5 Bd4+ 0-1

[Event "London Chess Classic FIDE Open"]
[Site "London ENG"]
[Date "2010.12.09"]
[Round "2"]
[White "Bass, John W"]
[Black "De Luna Butz, Alberto"]
[Result "1-0"]
[WhiteElo "2064"]
[BlackElo "1846"]
[WhiteFideId "407925"]
[BlackFideId "2269007"]
[EventDate "2010.12.08"]

1. d4 d5 2. c4 c6 3. Nf3 Nf6 4. Nc3 dxc4 5. a4 Bf5 6. e3 e6 7. Bxc4 Bb4 8. Qe2
O-O 9. O-O Bg6 10. Rd1 Nbd7 11. Bd3 Bxd3 12. Qxd3 Qa5 13. e4 Rfd8 14. e5 Nd5 15.
Ng5 Nf8 16. Nce4 h6 17. Nf3 Ng6 18. g3 Rac8 19. Bd2 Qc7 20. Bxb4 Nxb4 21. Qb3 a5
22. Rac1 Qe7 23. Nd6 Rb8 24. Nd2 Kh8 25. N2e4 Nf8 26. f4 Kg8 27. Rf1 Rd7 28. Rf3
Rc7 29. Rcf1 g6 30. g4 Qh4 31. Kh1 Kg7 32. Rg1 Nd5 33. Rh3 Qe7 34. Qf3 f5 35.
gxf5 1-0

[Event "London Chess Classic FIDE Open"]
[Site "London ENG"]
[Date "2010.12.09"]
[Round "2"]
[White "Owen, Dennis"]
[Black "Veznik, Michael"]
[Result "1-0"]
[WhiteElo "2045"]
[BlackElo "1819"]
[WhiteFideId "470830"]
[BlackFideId "360287"]
[EventDate "2010.12.08"]

1. e4 c5 2. Nf3 d6 3. d4 cxd4 4. Nxd4 Nf6 5. Nc3 g6 6. Be2 Bg7 7. Be3 Nc6 8. Qd2
O-O 9. f3 Bd7 10. g4 Rc8 11. h4 h5 12. g5 Ne8 13. f4 Nxd4 14. Bxd4 e5 15. fxe5
Bxe5 16. Bxe5 dxe5 17. O-O-O Qa5 18. Qxd7 Rxc3 19. bxc3 Qxa2 20. Kd2 Qa5 21. Ra1
Qb6 22. Rhb1 Qf2 23. Rxb7 Ng7 24. Rf1 Qxh4 25. Rxf7 Qxg5+ 26. Kd3 Rd8 27. Rb8
Ne6 28. Rxd8+ Nxd8 29. Qe8# 1-0

[Event "London Chess Classic FIDE Open"]
[Site "London ENG"]
[Date "2010.12.09"]
[Round "2"]
[White "Paez, David"]
[Black "Reutimann, Hans Peter"]
[Result "1-0"]
[WhiteElo "2035"]
[BlackElo "1792"]
[WhiteFideId "4405196"]
[BlackFideId "1313886"]
[EventDate "2010.12.08"]

1. e4 e5 2. Nf3 d6 3. d4 Bg4 4. dxe5 Bxf3 5. gxf3 dxe5 6. Qxd8+ Kxd8 7. Bc4 f6
8. Be3 c6 9. Nc3 Bd6 10. O-O-O Kc7 11. Rhg1 g6 12. Rd2 Ne7 13. Rgd1 Rd8 14. Bc5
Bxc5 15. Rxd8 Bxf2 16. Rh8 h6 17. b4 Bd4 18. Ne2 c5 19. Rh7 Nc6 20. Nxd4 exd4
21. b5 Ne5 22. Rxe7+ Kd6 23. Re6+ Kd7 24. Bd5 1-0

[Event "London Chess Classic FIDE Open"]
[Site "London ENG"]
[Date "2010.12.09"]
[Round "2"]
[White "Heaton, Paul"]
[Black "Staneland, Peter E"]
[Result "1-0"]
[WhiteElo "2029"]
[BlackElo "1787"]
[WhiteFideId "411116"]
[BlackFideId "416576"]
[EventDate "2010.12.08"]

1. c4 c5 2. g3 Nf6 3. Bg2 Nc6 4. Nc3 g6 5. e4 Bg7 6. Nge2 e5 7. d3 h6 8. O-O d6
9. a3 Bg4 10. f3 Bd7 11. Rb1 a5 12. Nb5 Be6 13. f4 Bg4 14. Qe1 O-O 15. Nec3 Bc8
16. h3 Ra6 17. Bd2 Re8 18. Qf2 Kh7 19. Kh1 a4 20. Kh2 Nd4 21. Nxd4 cxd4 22. Nd5
Nxd5 23. cxd5 f5 24. Bb4 Rf8 25. Qd2 Bd7 26. Rf2 Bb5 27. Rbf1 Bd7 28. Qd1 Rf7
29. b3 axb3 30. Qxb3 b5 31. Qd1 Bc8 32. Rc2 Raa7 33. Qc1 Rac7 34. Rff2 Kh8 35.
Rc6 Bb7 36. Rxc7 Rxc7 37. Rc2 Rxc2 38. Qxc2 Bf8 39. fxe5 dxe5 40. Bxf8 Qxf8 41.
Qc7 Qg7 42. Qxg7+ Kxg7 43. exf5 gxf5 44. d6 Bc8 45. Bc6 e4 46. Kg1 Kf6 47. d7
Bxd7 48. Bxd7 e3 49. Bxb5 Ke5 50. a4 f4 51. gxf4+ Kxf4 52. a5 Kg3 53. Kf1 h5 54.
a6 h4 55. Bd7 Kh2 56. a7 e2+ 57. Kxe2 Kg1 58. a8=Q Kh2 59. Qg8 Kh1 60. Bc6+ Kh2
61. Qg2# 1-0

[Event "London Chess Classic FIDE Open"]
[Site "London ENG"]
[Date "2010.12.09"]
[Round "2"]
[White "Burnham, Frank"]
[Black "Larsen, Tor Ketil"]
[Result "1/2-1/2"]
[WhiteElo "1750"]
[BlackElo "1980"]
[WhiteFideId "419516"]
[BlackFideId "1508130"]
[EventDate "2010.12.08"]

1. e4 d6 2. f4 Nf6 3. Nc3 g6 4. Nf3 Bg7 5. Bc4 c6 6. e5 Nh5 7. d4 b5 8. Bb3 Bh6
9. Ne2 Bg4 10. O-O d5 11. h3 Bxf3 12. Rxf3 Ng7 13. g4 Ne6 14. c3 Nc7 15. g5 Bg7
16. f5 gxf5 17. Rxf5 Qd7 18. Ng3 Qe6 19. Qf1 Nd7 20. Bc2 h6 21. h4 O-O-O 22. Rf4
hxg5 23. hxg5 f6 24. exf6 exf6 25. Bf5 Qg8 26. g6 Ne6 27. Rf2 Rh4 28. Rh2 Rxh2
29. Kxh2 Ng5 30. Bxg5 fxg5 31. Qh3 Qf8 32. Rf1 Qd6 33. Kg2 Kc7 34. Bxd7 Rxd7 35.
Qf5 Re7 36. Qxg5 Qe6 37. Qf5 Bh6 38. Qxe6 Rxe6 39. g7 Rg6 40. Rf7+ Kb6 41. Kf3
Bxg7 42. Nf5 Bh6 43. Ne7 Rg7 44. Nc8+ Ka6 45. Rf6 Rc7 46. Nd6 Bc1 47. b3 Bb2 48.
Ke3 Bxc3 49. Kd3 Bb4 50. Nf5 Kb7 51. Ne3 Rh7 52. Rf2 Be7 53. Rg2 Bf6 54. Rf2 Bg5
55. Nf5 Kc7 56. Rg2 Rh3+ 57. Rg3 Rxg3+ 58. Nxg3 a5 59. Ne2 Kd6 60. Nc3 b4 61.
Na4 Be7 62. Nc5 Kc7 63. Ne6+ Kb7 64. Nf4 Kb6 65. Kc2 Kc7 66. Kd3 Kd7 67. Ng2 Ke6
68. Ne3 Bg5 69. Nd1 Kf5 70. Nb2 Kg4 71. Na4 Be7 72. Nb6 Kf5 73. Nc8 Ke6 74. Nb6
Bd6 75. Na4 Kf5 76. Ke3 Kg4 77. Nb6 Kf5 78. Kf3 Ke6 79. Na4 Bf8 80. Ke3 Kd7 81.
Nb2 c5 82. Nd3 Bh6+ 83. Ke2 cxd4 84. Ne5+ Kc7 85. Kd3 Be3 86. Nf3 Kc6 87. Ne1
Kd6 88. Nc2 Ke5 89. a3 bxa3 90. Nxa3 Bc1 91. Nb5 Bb2 92. Na7 Kd6 93. Kc2 Bc3 94.
Nb5+ Kc5 95. Nc7 Kc6 96. Ne6 Kd6 97. Nf4 Ke5 98. Nd3+ Ke4 99. Nc5+ Ke3 100. Nd3
Bb4 101. Nb2 Bd6 102. Nd3 Be7 103. Ne1 Ke2 104. Nd3 Bd6 1/2-1/2